[Event "XIII Figueira da Foz Open 2019"]
[Site "Figueira da Foz"]
[Date "2019.11.02"]
[Round "8.9"]
[White "Guerreiro, Nuno"]
[Black "Garcia Dorado, Alberto"]
[Result "0-1"]
[WhiteElo "2069"]
[BlackElo "2170"]
[Annotator "TA"]
[PlyCount "56"]
[EventDate "2019.10.27"]
[EventType "swiss"]
[EventCountry "POR"]
[SourceTitle "playchess.com"]
[Source "ChessBase"]
[SourceQuality "1"]

{[%evp 16,55,-1,-10,-18,-18,-13,-20,-17,-48,-33,-36,0,0,0,0,0,0,0,-35,-26,-53,-34,-156,-172,-254,-229,-434,-428,-442,-434,-442,-427,-418,-406,-29992,-29993,-29993,-29994,-29998,-29999,-29999]} 1. Nf3 c5 2. g3 d5 3. Bg2 Nc6 4. O-O e5 5. c4 d4 6. d3 Bd6 7. e3 Nge7 8. exd4 cxd4 9. Re1 O-O {A09: Réti Opening: 1 Nf3 d5 2 c4} 10. Nbd2 Ng6 11. Rb1 $146 ({Predecessor:} 11. a3 a5 12. b3 Re8 13. Qc2 Bf8 14. Rb1 Be6 15. c5 Bd5 16. b4 axb4 17. axb4 {0-1 (29) Panchenko,A (2430)-Ruban,V (2555) Sochi 1990}) 11... a5 {The position is equal.} 12. b3 f5 13. a3 Qe7 {[#]} 14. Nxe5 $1 {[%mdl 512]} Ncxe5 15. f4 Qc7 16. fxe5 Nxe5 17. Bd5+ Kh8 {...f4 is the strong threat.} 18. Nf3 Ng4 $1 19. Kg2 (19. Qe2 $15) 19... f4 $36 {[%cal Rf4g3][%mdl 2048] Black is in control.} 20. gxf4 (20. Ng5 {is a better defense.} fxg3 21. hxg3) 20... Bxf4 $19 21. h3 $2 (21. Bxf4 Qxf4 22. Re4 Ne3+ 23. Kh1 Nxd1 24. Rxf4 Rxf4 25. Rxd1) 21... Ne3+ 22. Bxe3 Bxh3+ ({Weaker is} 22... dxe3 23. Ng1 $19) (22... Bxe3 $2 23. Rf1 $19) 23. Kxh3 Qd7+ 24. Kg2 Qg4+ ({Stronger than} 24... dxe3 25. Rb2 $14) 25. Kf2 {[#]} (25. Kf1 $19 Qh3+ 26. Kg1 (26. Ke2 $2 Qg2+ 27. Bf2 Rae8+ 28. Be4 Bg5 $19) 26... Qg4+ 27. Kf1 Qh3+ 28. Kg1 (28. Ke2 $2 Qg2+ 29. Bf2 Rae8+ 30. Be4 Bh6 $19) 28... dxe3 29. Qc2) 25... dxe3+ {Black mates.} 26. Rxe3 Qg3+ 27. Ke2 Qg2+ 28. Ke1 {Accuracy: White = 41%, Black = 77%.} Bg3# 0-1

[Event "XIII Figueira da Foz Open 2019"]
[Site "Figueira da Foz"]
[Date "2019.11.02"]
[Round "8.10"]
[White "Lisowski, Krzysztof"]
[Black "Tadevosyan, Aspet"]
[Result "1-0"]
[WhiteElo "2179"]
[BlackElo "1998"]
[Annotator "TA"]
[PlyCount "91"]
[EventDate "2019.10.27"]
[EventType "swiss"]
[EventCountry "POR"]
[SourceTitle "playchess.com"]
[Source "ChessBase"]
[SourceQuality "1"]

{[%evp 18,91,-22,-14,-22,-47,-26,-59,-17,-55,-31,-31,-6,-27,4,-36,-26,-45,-35,-71,-58,-67,-66,-79,-54,-60,-75,-72,-47,-50,-39,-20,-19,-60,-31,-127,-127,-132,-129,-160,-168,-164,158,154,186,182,179,188,293,284,270,283,277,264,318,334,408,412,371,392,368,349,448,445,585,604,604,585,735,697,675,660,738,735,29987,29988]} 1. e4 c5 2. d3 Nc6 3. g3 d5 4. Bg2 e6 5. Nd2 Nf6 6. Ngf3 Be7 7. O-O O-O 8. Re1 Qc7 9. Nf1 dxe4 10. dxe4 Rd8 {C00: French: Unusual White 2nd moves} 11. Bd2 (11. Qe2 b6 12. c3 a5 13. e5 Nd5 14. Qe4 h6 15. Ne3 Nxe3 16. Bxe3 Bb7 17. Qg4 Kh8 18. Qh5 Bf8 19. Bf4 {½-½ (111) Neiksans,A (2627)-Skoberne,J (2542) chess.com INT 2017}) 11... b6 12. e5 Nd5 {Black is slightly better.} 13. Qe2 $146 ({Predecessor:} 13. c3 Bb7 14. Qa4 Bf8 15. h4 h6 16. h5 Nde7 17. Qg4 Kh8 18. Bf4 {1-0 (68) Boric,M (2374)-Stojanovic,D (2350) Jahorina 2012}) 13... Bb7 (13... Ndb4 $5 {[%cal Rb4c2]} 14. Rec1 Ba6 $11) 14. c3 Bf8 15. h4 a6 16. N1h2 b5 17. Ng4 Nce7 18. Ng5 h6 19. Nh3 Nf5 20. Be4 Nde7 21. Bf4 Bxe4 22. Qxe4 Qd7 23. Ne3 Qd3 24. Nxf5 Nxf5 25. Qe2 c4 26. Kf1 {[#]} (26. Qxd3 $15 cxd3 27. Bd2) 26... Nxh4 $1 $17 {[%mdl 512]} 27. Qxd3 (27. gxh4 Qxh3+) 27... Rxd3 28. gxh4 {Hoping for Be3.} Rxh3 29. Bg3 {[#] With the idea Kg2.} g5 $2 ({Black should try} 29... Rh1+ $1 $19 30. Ke2 Rxe1+ 31. Rxe1 Rd8) 30. Kg2 $16 g4 31. Re4 h5 32. f3 Rd8 (32... Rxg3+ {was necessary.} 33. Kxg3 gxf3 34. Kxf3 Be7) 33. fxg4 $18 Rxg3+ 34. Kxg3 {[%mdl 4096] Endgame KRR-KRB} Rd3+ 35. Kf2 Bc5+ 36. Ke2 Rh3 37. gxh5 Rh2+ 38. Kf3 Rxb2 39. Re2 Ba3 40. Rd1 Kh7 41. Rd7 Rb1 42. Rxf7+ Kh6 43. Rf6+ Kxh5 44. Rxe6 a5 45. Ra6 Bb2 46. e6 {Accuracy: White = 62%, Black = 19%.} 1-0

[Event "XIII Figueira da Foz Open 2019"]
[Site "Figueira da Foz"]
[Date "2019.11.02"]
[Round "8.11"]
[White "Puglia, Francesco"]
[Black "Gomez Dieguez, David"]
[Result "0-1"]
[WhiteElo "1916"]
[BlackElo "2336"]
[Annotator "TA"]
[PlyCount "52"]
[EventDate "2019.10.27"]
[EventType "swiss"]
[EventCountry "POR"]
[SourceTitle "playchess.com"]
[Source "ChessBase"]
[SourceQuality "1"]

{[%evp 9,52,-45,-12,0,4,-1,0,-22,-16,-98,-88,-99,-25,-20,-47,-36,-28,-70,-81,-91,-88,-310,-311,-300,-305,-426,-384,-530,-545,-533,-351,-373,-358,-362,-365,-542,-460,-460,-386,-404,-395,-550,-464,-1525,-1486]} 1. g3 e5 2. Bg2 Nc6 3. c3 d5 (3... g6 4. e4 Bg7 5. Ne2 Nge7 6. d4 exd4 7. cxd4 d5 8. e5 f6 9. f4 Bg4 10. Nbc3 fxe5 11. dxe5 {½-½ (58) Minasian,A (2557)-Kazhgaleyev,M (2630) Moscow 2009}) 4. d4 e4 5. Nh3 f5 6. O-O {A00: Irregular Openings} Nf6 7. Bg5 Be6 $146 ({Predecessor:} 7... h6 8. Bxf6 Qxf6 9. Qb3 Ne7 10. e3 g5 11. Kh1 {0-1 (24) Kekki,J (2063)-Laukkanen,J (1976) Finland 2015}) 8. Nf4 {The position is equal.} Bf7 $1 9. Bxf6 (9. Qb3 $11 {remains equal.}) 9... Qxf6 $17 10. f3 g5 {[#]} ({Black should try} 10... O-O-O $17) 11. Nxd5 $1 $11 {[%mdl 512]} Bxd5 12. fxe4 Bf7 13. exf5 O-O-O $36 {[%mdl 2048] Keeping White busy.} 14. Qa4 Be8 {[%cal Rc6d4]} 15. d5 $2 (15. Qb3 $17 {might work better.}) 15... Bc5+ $19 16. Kh1 Ne5 {[%cal Bc6e5,Be5g4,Bg4e3][%mdl 32]} 17. Qc2 Ng4 18. Qe4 Ne3 19. Nd2 Nxg2 20. Qxg2 {[#]} Rxd5 $1 {[%mdl 512]} 21. Ne4 (21. Qxd5 $2 {perishes.} Bc6 $19) 21... Qe5 {aiming for ...Bc6.} 22. b4 (22. Nxc5 {was called for.} Rxc5 23. e4) 22... Bb6 {Hoping for ...Bc6.} 23. Nxg5 {White hopes to continue with c4.} Qxc3 24. Rac1 Qe5 25. Ne6 Bc6 26. e4 {[#]} (26. Rxc6 $142 bxc6 27. Qf3) 26... Rd2 $1 {[%mdl 512] Accuracy: White = 36%, Black = 58%.} 0-1

[Event "XIII Figueira da Foz Open 2019"]
[Site "Figueira da Foz"]
[Date "2019.11.02"]
[Round "8.12"]
[White "Gavasheli, Ana"]
[Black "Silva, Mariana Sofia T."]
[Result "1-0"]
[WhiteElo "2240"]
[BlackElo "1880"]
[Annotator "TA"]
[PlyCount "99"]
[EventDate "2019.10.27"]
[EventType "swiss"]
[EventCountry "POR"]
[SourceTitle "playchess.com"]
[Source "ChessBase"]
[SourceQuality "1"]

{[%evp 9,99,-9,-10,-45,-43,-41,-41,-45,-45,-45,-45,-41,-52,-65,-60,-77,-68,-74,-25,-48,-42,-68,-37,-30,-38,-35,-38,-35,0,-107,-84,-95,-36,-62,-36,-47,-47,-47,-38,-39,-33,-47,-6,-6,0,-33,-20,-20,-27,-33,-2,-25,-2,-36,-6,-6,0,0,0,0,0,0,0,0,0,0,0,0,0,0,0,0,0,0,0,-40,-40,-39,-35,-29,5381,2589,1906,1633,12848,12846,12834,6211,5739,5724,6195,6151]} 1. c4 e5 2. Nc3 Nf6 3. Nf3 Nc6 4. d4 exd4 5. Nxd4 Bb4 6. a3 {A28: English Opening: Four Knights Variation} (6. Bg5 h6 7. Bh4 Bxc3+ 8. bxc3 Ne5 9. e3 O-O 10. Be2 Ng6 11. Bg3 Ne4 12. Qc2 Re8 13. Bd3 Nxg3 14. hxg3 Ne5 15. Be2 d6 16. O-O b6 17. f4 {½-½ (48) Rakhmanov,A (2662)-Matlakov,M (2691) Sochi 2016}) 6... Bxc3+ $1 7. bxc3 O-O 8. Bg5 {Black is slightly better.} h6 9. Bh4 Ne5 10. e3 Ng6 11. Bg3 Ne4 12. Bd3 $146 ({Predecessor:} 12. Qc2 d5 13. Bd3 Nxg3 14. hxg3 c5 15. Bxg6 fxg6 {0-1 (29) Ortpaul,M (1845)-Maier,A (2315) Nuremberg 2007}) 12... Nxg3 13. hxg3 Qf6 14. Bc2 d6 15. Qd3 Bd7 16. Ne2 Rfe8 17. Nf4 Nxf4 18. gxf4 Bc6 19. Qh7+ (19. f3 $1 $11 {remains equal.}) 19... Kf8 $17 20. Kd2 {[#]} Ke7 (20... Rad8 $1 $17) 21. f3 Rh8 (21... b6 {looks sharper.} 22. Qd3 d5 23. cxd5 Bxd5 24. Qd4 Rad8) 22. Qf5 Qxf5 23. Bxf5 Kf6 24. Bd3 Rae8 25. e4 a6 26. Ke3 Rb8 27. a4 a5 28. Bc2 b6 29. g4 Rhe8 30. Rag1 Bd7 31. Rh5 Rbd8 32. f5 Re5 33. f4 Rc5 34. Kd4 Bc8 35. Bd3 Bd7 36. Bc2 Bc8 37. Bd1 Ba6 38. Be2 Bb7 39. g5+ hxg5 40. fxg5+ Ke7 41. Rh7 Rg8 $1 42. f6+ (42. g6 $5 {[%cal Rg6f7]} f6 43. Rgh1 $11) 42... Kf8 43. g6 fxg6 44. Rxg6 {[%cal Rh7g7]} Kf7 $2 {[%mdl 8192] [#]} (44... gxf6 $11 45. Rxf6+ Ke8) 45. Rhxg7+ $18 {White is clearly winning.} Rxg7 46. fxg7 Kg8 47. Bg4 Re5 48. Be6+ Rxe6 49. Rxe6 Kxg7 50. Re7+ {[%mdl 64] Double Attack. Accuracy: White = 69%, Black = 49%.} 1-0

[Event "XIII Figueira da Foz Open 2019"]
[Site "Figueira da Foz"]
[Date "2019.11.02"]
[Round "8.13"]
[White "Gama, Joao Goncalo Cerejei"]
[Black "Adams, Philip"]
[Result "0-1"]
[WhiteElo "1712"]
[BlackElo "1993"]
[Annotator "NA RC"]
[PlyCount "98"]
[EventDate "2019.10.27"]
[EventType "swiss"]
[EventCountry "POR"]
[SourceTitle "playchess.com"]
[Source "ChessBase"]
[SourceQuality "1"]
[TimeControl "40/5400+30:1800+30"]

1. e4 Nf6 {[%emt 0:00:28]} 2. e5 {[%emt 0:00:00]} Nd5 {[%emt 0:00:04]} 3. d4 {[%emt 0:00:05]} d6 {[%emt 0:00:00]} 4. exd6 {[%emt 0:01:15]} cxd6 {[%emt 0:00:48]} 5. c4 {[%emt 0:00:30]} Nb6 {[%emt 0:00:30]} 6. Nc3 {[%emt 0:02:35]} g6 {[%emt 0:00:00]} 7. Bd3 {[%emt 0:00:30]} Bg7 {[%emt 0:00:11]} 8. Nge2 {[%emt 0:00:30]} O-O {[%emt 0:00:30]} 9. O-O {[%emt 0:00:30]} Nc6 {[%emt 0:00:30]} 10. c5 {[%emt 0:00:30]} dxc5 {[%emt 0:00:30]} 11. dxc5 {[%emt 0:00:30]} Nd7 {[%emt 0:00:30]} 12. Be3 {[%emt 0:00:30]} Nce5 {[%emt 0:00:30]} 13. Rc1 {[%emt 0:00:30]} Ng4 {[%emt 0:00:30]} 14. Nd5 {[%emt 0:34:31]} e6 {[%emt 0:44:44]} 15. Ndf4 {[%emt 0:00:30]} Nxe3 {[%emt 0:01:04]} 16. fxe3 {[%emt 0:00:06]} Bxb2 {[%emt 0:01:10]} 17. Rb1 {[%emt 0:05:28]} Bg7 18. Qc2 {[%emt 0:08:25]} Ne5 {[%emt 0:05:03]} 19. h3 {[%emt 0:02:59]} Qc7 {[%emt 0:06:41]} 20. Nd4 {[%emt 0:00:16]} Nxd3 {[%emt 0:07:44]} 21. Nxd3 {[%emt 0:11:43]} a6 {[%emt 0:03:20]} 22. Rbc1 {[%emt 0:00:30]} e5 {[%emt 0:06:54]} 23. Nb3 {[%emt 0:04:58]} a5 {[%emt 0:06:41]} 24. Nd2 {[%emt 0:00:30]} Bd7 {[%emt 0:01:01]} 25. Ne4 {[%emt 0:02:03]} Bc6 {[%emt 0:02:07]} 26. Nf6+ {[%emt 0:03:21]} (26. Qf2 $2 {[%emt 0:03:21][%mdl 8192]}) (26. Nd6 $17) 26... Kh8 $17 {[%emt 0:04:52]} 27. Qf2 {[%emt 0:01:20]} Bb5 28. Qh4 {[%emt 0:05:40]} h6 {[%emt 0:01:28]} 29. Qe4 {[%emt 0:00:30]} Qd8 {[%emt 0:03:22]} 30. Rcd1 {[%emt 0:06:20]} Bxf6 {[%emt 0:02:52]} 31. Nf4 {[%emt 0:01:28]} Qe8 32. Nd5 {[%emt 0:00:46]} Bg7 {[%emt 0:00:55]} 33. Nc7 {[%emt 0:00:07]} Qc6 {[%emt 0:00:48]} 34. Qxc6 {[%emt 0:00:10]} bxc6 {[%emt 0:00:07]} 35. Nxa8 {[%emt 0:00:25]} Bxf1 {[%emt 0:00:07]} 36. Rxf1 {[%emt 0:00:22]} Rxa8 {[%emt 0:00:20]} 37. Rxf7 {[%emt 0:00:07]} Bf8 {[%emt 0:00:32]} 38. Rc7 {[%emt 0:01:29]} Bxc5 {[%emt 0:00:22]} 39. Rxc6 {[%emt 0:00:03]} Bxe3+ {[%emt 0:00:00]} 40. Kf1 {[%emt 0:00:00]} Kg7 41. Ke2 {[%emt 0:00:36]} Bd4 {[%emt 0:02:21]} 42. Kd3 a4 43. Kc4 {[%emt 0:01:04]} a3 {[%emt 0:04:01]} 44. Kd5 {[%emt 0:00:05]} Rf8 {[%emt 0:02:41]} 45. Ra6 {[%emt 0:00:24]} Bb2 {[%emt 0:00:50]} 46. g4 {[%emt 0:00:43]} g5 {[%emt 0:00:18]} 47. Ra7+ Rf7 {[%emt 0:00:06]} 48. Rxf7+ {[%emt 0:00:39]} Kxf7 {[%emt 0:00:05]} 49. Ke4 Ke6 {Kd4} 0-1

[Event "XIII Figueira da Foz Open 2019"]
[Site "Figueira da Foz"]
[Date "2019.11.02"]
[Round "8.14"]
[White "Morais, Mario Martins Freita"]
[Black "Correia, Mario"]
[Result "1-0"]
[WhiteElo "1742"]
[BlackElo "2140"]
[Annotator "TA"]
[PlyCount "75"]
[EventDate "2019.10.27"]
[EventType "swiss"]
[EventCountry "POR"]
[SourceTitle "playchess.com"]
[Source "ChessBase"]
[SourceQuality "1"]

{[%evp 9,75,47,51,43,43,-18,-7,-41,-3,-54,-55,-58,-33,-31,-26,-35,-32,-83,-64,-60,-61,-69,-58,-82,-77,-80,-41,-46,-6,-43,-49,-127,-121,-127,-79,-80,-79,-84,-68,-81,0,-36,-14,-198,-187,-310,-75,-54,-52,-309,-308,-307,-34,-91,0,-83,-4,-7,16,15,572,543,1018,1016,1496,1492,1227,1141]} 1. d4 c5 2. d5 g6 3. c4 (3. e4 Bg7 4. Nf3 d6 5. Nc3 a6 6. a4 Bg4 7. Be2 Nd7 8. O-O Ngf6 9. Nd2 Bxe2 10. Qxe2 O-O 11. Nc4 Ne8 12. Bg5 Nc7 13. f4 Bd4+ 14. Kh1 Kg7 15. Bh4 Qe8 16. Nd1 b5 17. axb5 axb5 18. Rxa8 Qxa8 19. Nd2 Re8 20. c3 Bf6 {0-1 (47) Karthik,V (2514)-Jobava,B (2644) Helsingor 2018}) 3... Bg7 4. Qc2 Nf6 5. Nc3 d6 6. Nf3 {A43: Schmid Benoni} O-O 7. g3 (7. e4 $14) 7... e6 8. Bg5 {The position is equal.} h6 $146 ({Predecessor:} 8... Qa5 9. Bd2 Qb6 10. dxe6 Bxe6 {0-1 (51) Wei,F-Tan,S (1889) Hong Kong 2016}) 9. Bd2 (9. Bxf6 $11 Qxf6 10. Bh3) 9... exd5 $15 10. cxd5 Bf5 11. Qc1 Kh7 12. Nh4 Bd7 13. Bg2 (13. f3 $15) 13... b5 $17 14. O-O Re8 15. Qc2 Na6 16. Ne4 Nxe4 17. Bxe4 f5 18. Bf3 Qe7 19. a3 c4 20. Be3 (20. Ng2 $15) 20... Qf6 $1 $36 {[%mdl 2048] Black is really pushing.} 21. Rab1 Kg8 22. Ng2 g5 $1 {[%cal Rg5g4]} 23. Bh5 Re7 24. Rfd1 {[#]} Qe5 (24... f4 $1 $17 {[%mdl 512]} 25. gxf4 gxf4 26. Bxf4 Bf5) 25. f4 Qf6 26. fxg5 $2 (26. a4 $11 {and White has nothing to worry.}) 26... hxg5 $19 27. Qd2 {[#]} (27. a4 $142) 27... Rxe3 $2 (27... f4 $1 $19 {[%cal Rf4e3][%mdl 512] has better winning chances.} 28. Bd4 (28. gxf4 Qh6) 28... Qh6) 28. Qxe3 $17 Nc5 {aiming for ...Qh6.} 29. Rf1 $2 {[%mdl 8192]} (29. h4 $15) 29... Qh6 $1 $19 {[%cal Rh6h5]} 30. g4 f4 $2 (30... fxg4 $19 31. Bf7+ Kh8) 31. Qe7 {[#]} (31. Qf3 $1 $15) 31... Rf8 ({Better is} 31... Bf6 $1 $17 {[%cal Rf6e7]} 32. Qf7+ Kh8) 32. Kh1 {[#]} (32. e3 $1 $11 {keeps the balance.}) 32... Be5 ({Black should try} 32... Bc8 $1 $17) 33. h4 $11 gxh4 34. Nxh4 Bxg4 $2 {[%mdl 8192]} (34... Qg7 $11 35. Ng6 Qxe7 36. Nxe7+ Kg7) 35. Bxg4 $18 {Black must now prevent Rg1.White is clearly winning.} Bf6 36. Be6+ $1 Kh8 {[#]} 37. Qxf8+ $1 {[%mdl 576] Deflection, Decoy} Qxf8 38. Ng6+ {[%mdl 64] Double Attack. Accuracy: White = 26%, Black = 30%.} 1-0

[Event "XIII Figueira da Foz Open 2019"]
[Site "Figueira da Foz"]
[Date "2019.11.02"]
[Round "8.15"]
[White "Pintor, Simao Maciel Abranch"]
[Black "Dong, Fabio"]
[Result "1-0"]
[WhiteElo "2137"]
[BlackElo "1410"]
[Annotator "RC"]
[PlyCount "71"]
[EventDate "2019.10.27"]
[EventType "swiss"]
[EventCountry "POR"]
[SourceTitle "playchess.com"]
[Source "ChessBase"]
[SourceQuality "1"]
[TimeControl "40/5400+30:1800+30"]

1. Nf3 d5 2. g3 Nf6 3. Bg2 Bf5 4. b3 e6 5. Bb2 Be7 6. O-O O-O 7. d3 c6 8. Nbd2 h6 9. Qe1 Nbd7 10. e4 dxe4 11. dxe4 Bh7 12. Qe2 Qc7 13. e5 Nd5 14. Ne4 Nc5 15. Nfd2 Nxe4 16. Nxe4 Rfd8 17. Rad1 Bxe4 18. Bxe4 a5 19. c4 Nb6 20. h4 a4 21. Bb1 Rxd1 22. Rxd1 Rd8 23. h5 Rxd1+ 24. Qxd1 Qd8 25. Qc2 f5 26. exf6 Bxf6 27. Ba3 Be7 28. Qh7+ Kf8 29. Bxe7+ Qxe7 30. Bg6 Qf6 31. Qh8+ Ke7 32. c5 Qa1+ 33. Kg2 Nd5 34. Qe8+ Kf6 35. Qf7+ Kg5 36. f4+ 1-0

[Event "XIII Figueira da Foz Open 2019"]
[Site "Figueira da Foz"]
[Date "2019.11.02"]
[Round "8.17"]
[White "Correia, Pedro Mourao Soares"]
[Black "Barrento, Jorge Maria Lopes"]
[Result "0-1"]
[WhiteElo "1529"]
[BlackElo "1739"]
[Annotator "NA RC"]
[PlyCount "114"]
[EventDate "2019.10.27"]
[EventType "swiss"]
[EventCountry "POR"]
[SourceTitle "playchess.com"]
[Source "ChessBase"]
[SourceQuality "1"]
[TimeControl "40/5400+30:1800+30"]

1. e4 {[%emt 0:06:38]} e5 {[%emt 0:07:27]} 2. Nf3 {[%emt 0:00:35]} Qe7 {[%emt 0:00:03]} 3. Bc4 {[%emt 0:02:33]} d6 {[%emt 0:00:20]} 4. d3 {[%emt 0:04:59]} h6 {[%emt 0:02:51]} 5. Nc3 {[%emt 0:01:13]} c6 {[%emt 0:00:39]} 6. a4 {[%emt 0:02:35]} Be6 {[%emt 0:06:20]} 7. b3 {[%emt 0:04:11]} Nf6 {[%emt 0:01:33]} 8. Qe2 {[%emt 0:03:23]} g6 {[%emt 0:00:43]} 9. Ba3 {[%emt 0:08:15]} Bg7 {[%emt 0:02:07]} 10. O-O {[%emt 0:09:56]} Nh5 {[%emt 0:02:13]} 11. Qd2 {[%emt 0:03:08]} O-O {[%emt 0:01:14]} 12. Bxe6 {[%emt 0:06:11]} Qxe6 {[%emt 0:00:48]} 13. Ne2 {[%emt 0:01:02]} Na6 {[%emt 0:05:28]} 14. Rad1 {[%emt 0:03:02]} Rad8 {[%emt 0:03:46]} 15. Qe3 {[%emt 0:01:53]} c5 {[%emt 0:00:48]} 16. c4 {[%emt 0:07:38]} f5 {[%emt 0:02:57]} 17. exf5 {[%emt 0:01:36]} gxf5 {[%emt 0:04:14]} 18. d4 {[%emt 0:04:03]} e4 {[%emt 0:00:33]} 19. g3 {[%emt 0:08:02]} f4 {[%emt 0:03:26]} 20. Nxf4 {[%emt 0:06:19]} Nxf4 {[%emt 0:01:04]} 21. gxf4 {[%emt 0:03:07]} Qg4+ {[%emt 0:01:21]} 22. Kh1 {[%emt 0:00:17]} Qxf3+ {[%emt 0:00:17]} 23. Qxf3 {[%emt 0:00:04]} exf3 {[%emt 0:00:07]} 24. Rg1 {[%emt 0:00:12]} Kh8 {[%emt 0:01:03]} 25. Rg3 {[%emt 0:02:30]} Bxd4 {[%emt 0:00:39]} 26. Bc1 {[%emt 0:00:37]} Rde8 {[%emt 0:03:21]} 27. f5 {[%emt 0:03:24]} Rxf5 {[%emt 0:03:52]} 28. Rdg1 {[%emt 0:01:25]} Bxf2 {[%emt 0:01:12]} 29. Bb2+ {[%emt 0:00:49]} Bd4 {[%emt 0:02:23]} 30. Rg6 {[%emt 0:04:00]} Rh5 {[%emt 0:04:46]} 31. Bxd4+ {[%emt 0:00:59]} cxd4 {[%emt 0:00:18]} 32. Rxd6 {[%emt 0:00:41]} f2 33. Rf1 Re1 {[%emt 0:04:43]} 34. Kg2 {[%emt 0:01:00]} Rxh2+ {[%emt 0:02:59]} 35. Kxh2 {[%emt 0:00:14]} Rxf1 {[%emt 0:00:01]} 36. Kg2 {[%emt 0:00:21]} Rb1 {[%emt 0:00:03]} 37. Kxf2 {[%emt 0:00:22]} Rxb3 {[%emt 0:00:31]} 38. Rxd4 {[%emt 0:01:07]} Nc5 {[%emt 0:04:37]} 39. a5 {[%emt 0:00:26]} Ra3 {[%emt 0:01:18]} 40. Rd5 {[%emt 0:00:35]} Rxa5 {[%emt 0:01:09]} 41. Ke3 {[%emt 0:00:13]} Kg7 {[%emt 0:01:01]} 42. Kf3 {[%emt 0:04:46]} b6 {[%emt 0:00:54]} 43. Kg4 {[%emt 0:00:53]} Ra4 {[%emt 0:00:40]} 44. Kh5 {[%emt 0:02:13]} Rxc4 {[%emt 0:00:51]} 45. Rd6 {[%emt 0:00:17]} Rc1 {[%emt 0:01:45]} 46. Rc6 {[%emt 0:00:33]} Rh1+ {[%emt 0:01:38]} 47. Kg4 {[%emt 0:00:20]} h5+ {[%emt 0:00:54]} 48. Kf5 {[%emt 0:03:16]} Rd1 {[%emt 0:07:11]} 49. Rc8 {[%emt 0:03:44]} Rd7 {[%emt 0:00:32]} 50. Rc6 {[%emt 0:02:34]} Rd5+ {[%emt 0:02:56]} 51. Kf4 {[%emt 0:01:50]} h4 {[%emt 0:00:01]} 52. Kg4 {[%emt 0:00:25]} Rd4+ {[%emt 0:00:21]} 53. Kh3 {[%emt 0:00:52]} Kf7 {[%emt 0:00:15]} 54. Rh6 {[%emt 0:00:28]} Ne6 {[%emt 0:00:33]} 55. Rh7+ {[%emt 0:01:05]} Ng7 {[%emt 0:00:02]} 56. Rh6 {[%emt 0:00:40]} Rd3+ {[%emt 0:00:16]} 57. Kg4 {[%emt 0:00:51]} h3 {[%emt 0:01:46]} 0-1

[Event "XIII Figueira da Foz Open 2019"]
[Site "Figueira da Foz"]
[Date "2019.11.02"]
[Round "8.18"]
[White "Barros Gutierrez, Angel Luis"]
[Black "Fonseca, Rene Gil Bakker"]
[Result "1-0"]
[WhiteElo "2038"]
[BlackElo "1338"]
[Annotator "NA RC"]
[PlyCount "77"]
[EventDate "2019.10.27"]
[EventType "swiss"]
[EventCountry "POR"]
[SourceTitle "playchess.com"]
[Source "ChessBase"]
[SourceQuality "1"]
[TimeControl "40/5400+30:1800+30"]

1. e4 {[%emt 0:00:00]} e6 {[%emt 0:00:00]} 2. Nf3 {[%emt 0:00:00]} d5 {[%emt 0:00:00]} 3. exd5 {[%emt 0:00:42]} exd5 {[%emt 0:00:00]} 4. c3 {[%emt 0:00:56]} Bd6 {[%emt 0:01:11]} 5. d4 {[%emt 0:00:45]} Ne7 {[%emt 0:00:43]} 6. Bd3 {[%emt 0:00:44]} Bf5 {[%emt 0:01:40]} 7. Bxf5 {[%emt 0:02:01] C01: French: Exchange Variation} Nxf5 {[%emt 0:00:07]} 8. Qb3 {[%emt 0:01:27]} Qe7+ {[%emt 0:02:35]} 9. Kf1 $146 {[%emt 0:00:45]} ({Predecessor:} 9. Kd1 O-O 10. Qxb7 Nd7 11. Qxd5 Qf6 12. Bg5 Qg6 13. g4 Ne7 14. Bxe7 Qd3+ {1-0 (28) Hadden,I (1598)-Caffaratti,P (1039) IECG email 1999}) 9... c6 {[%emt 0:01:52]} 10. Bg5 {[%emt 0:00:38]} f6 {[%emt 0:00:41]} 11. Nbd2 {[%emt 0:00:44]} O-O {[%emt 0:03:22]} 12. Re1 {[%emt 0:00:47]} Qc7 {[%emt 0:01:29]} 13. Be3 {[%emt 0:00:56]} Nd7 {[%emt 0:02:19]} 14. c4 {[%emt 0:01:39]} Qb6 {[%emt 0:16:02]} 15. Qc2 {[%emt 0:01:10]} Nxe3+ {[%emt 0:06:13]} 16. fxe3 {[%emt 0:01:00]} Qa5 {[%emt 0:09:27]} 17. Qf5 {[%emt 0:00:36]} Rad8 {[%emt 0:02:26]} 18. Qe6+ {[%emt 0:00:57]} Kh8 {[%emt 0:00:28]} 19. Qxd6 {[%emt 0:00:36]} Nb6 {[%emt 0:00:19]} 20. Qg3 {[%emt 0:01:55]} dxc4 {[%emt 0:02:40]} 21. Kf2 {[%emt 0:01:13]} c3 {[%emt 0:01:04]} 22. bxc3 {[%emt 0:01:03]} Qxc3 {[%emt 0:03:45]} 23. Rc1 {[%emt 0:02:40]} Qa3 {[%emt 0:02:11]} 24. Rhf1 {[%emt 0:03:53]} Nd5 {[%emt 0:02:29]} 25. Nc4 {[%emt 0:01:25]} Qxa2+ {[%emt 0:03:32]} 26. Kg1 {[%emt 0:01:03]} Rfe8 {[%emt 0:04:22]} 27. Rf2 {[%emt 0:01:02]} Qb3 {[%emt 0:03:35]} 28. Rb2 {[%emt 0:02:45]} Qd3 {[%emt 0:04:55]} 29. Rxb7 {[%emt 0:08:33]} g5 {[%emt 0:04:20]} 30. Nxg5 {[%emt 0:00:25]} fxg5 {[%emt 0:04:21]} 31. Qxg5 {[%emt 0:00:38]} Qg6 {[%emt 0:00:07]} 32. Qxg6 {[%emt 0:00:20]} hxg6 {[%emt 0:03:20]} 33. Ne5 {[%emt 0:00:21]} Kg8 $18 {[%emt 0:01:34]} 34. Rxc6 {[%emt 0:08:07]} Ne7 {[%emt 0:02:17]} 35. Re6 {[%emt 0:01:11]} Rc8 {[%emt 0:00:46]} 36. Rexe7 {[%emt 0:00:16]} Rc1+ {[%emt 0:01:32]} 37. Kf2 {[%emt 0:00:30]} Rf8+ 38. Kg3 {[%emt 0:00:18]} Rc3 {[%emt 0:02:41]} 39. Rg7+ 1-0